| 000 | 00576nam a2200181 4500 | ||
|---|---|---|---|
| 003 | LK-CoMWRAF | ||
| 005 | 20260312144758.0 | ||
| 008 | 231208b |||||||| |||| 00| 0 eng d | ||
| 020 | _a9789556250367 | ||
| 040 |
_aLK-CoMWRAF _dLK-CoMWRAF _eLK-CoMWRAF |
||
| 041 | _atam | ||
| 082 |
_a340 _bPEK |
||
| 100 | _a ேபகமஂ, சடஂடதஂதரணி ஸபாண சூலஂ | ||
| 245 | _aநீதியைத் தேடும் பயணம் | ||
| 260 |
_aColombo : _bMuslim Women's Research and Action Forum - MWRAF, _c2010 |
||
| 300 | _a35 p. | ||
| 942 | _cBK | ||
| 999 |
_c4317 _d4317 |
||